000 00428nmm a2200145Ia 4500
008 251105s9999||||xx |||||||||||||||||und||
041 _aspa
100 _aVV. AA.
245 0 _a¡Atención, Atención! Nivel 1
264 _a[Madrid, España] :
_bEditorial Club Universitario: ECU,
_c2020
300 _a102 páginas
650 _aAges 3-5 Years Old
856 _uhttps://public.digitaliapublishing.com/a/171423
942 _cCF
999 _c106705
_d106705